<?xml version="1.0" encoding="UTF-8"?>
<collection xmlns="http://www.loc.gov/MARC21/slim">
  <record>
    <leader>00000nam  2200000   4500</leader>
    <controlfield tag="001">INLIS000000000018599</controlfield>
    <controlfield tag="005">20241129100151</controlfield>
    <datafield tag="035" ind1="#" ind2="#">
      <subfield code="a">0010-1124000265</subfield>
    </datafield>
    <controlfield tag="007">ta</controlfield>
    <controlfield tag="008">241129###########################0######</controlfield>
    <datafield tag="245" ind1="#" ind2="#">
      <subfield code="a">RETAS :</subfield>
      <subfield code="b">Research Tanpa Kertas Via Kobotoolbox /</subfield>
      <subfield code="c">Alchamdani, S.K.M., M.KL.</subfield>
    </datafield>
    <datafield tag="260" ind1="#" ind2="#">
      <subfield code="a">Makassar :</subfield>
      <subfield code="b">Puslatbang KMP RI LAN Makassar,</subfield>
      <subfield code="c">2024</subfield>
    </datafield>
    <datafield tag="300" ind1="#" ind2="#">
      <subfield code="a">57 ;</subfield>
      <subfield code="c">30</subfield>
    </datafield>
    <datafield tag="650" ind1="#" ind2="4">
      <subfield code="a">Optimalisasi pengumpulan data penelitian tugas akhir (Skripsi) mehasiswa di prodi Kesmas FKM Universitas Tadulako dengan memanfaatkan aplikasi KoboToolbox</subfield>
    </datafield>
    <datafield tag="700" ind1=" " ind2="#">
      <subfield code="a">Dr. Rasyika Nurul Fadjriah, S.KM., M.Kes (Mentor)</subfield>
    </datafield>
    <datafield tag="700" ind1=" " ind2="#">
      <subfield code="a">Ahmad Amiruddin S.Kep., Ns (Caoch)</subfield>
    </datafield>
    <datafield tag="520" ind1="#" ind2="#">
      <subfield code="a">Kegiatan aktualisasi dilaksanakan selama kurang lebih 1 (satu) bulan, yakni dimulai tanggal 16 September 2024 sampai dengan 12 Oktober 2024 bertempat di Program Studi Kesehatan Masyarakat Fakultas Kesehatan Masyarakat Universitas Tadulako.&#13;
&#13;
Mahasiswa dalam pengumpulan data penelitian masih menggunakan angket/kuesioner cetak. Mahasiswa belum memanfaatkan perkembangan teknologi dengan menggunakan angket/kuesioner digital dalam pengumpulan datanya. Hasil wawancara yang dilakukan menunjukkan bahwa mahasiswa belum menggunakan angket/kuesioner digital dalam penelitian tugas akhir karena tidak tahu terkait aplikasi yang bisa digunakan dan tidak pernah mendapatkan pelatihan. Kekurangan menggunakan angket/kuesioner cetak yaitu mengeluarkan banyak biaya untuk cetak, menimbulkan limbah kertas, dan harus melakukan entry data secara manual ke aplikasi untuk analisis data.&#13;
&#13;
Core issue dalam aktualisasi ini adalah belum optimalnya pengumpulan data penelitian tugas akhir (skripsi) mahasiswa di Prodi Kesmas FKM Universitas Tadulako. Gagasan kreatif untuk menyelesaikan core issue adalah RETAS Via KoboToolbox dalam rangka optimalisasi pengumpulan data penelitian tugas akhir (skripsi) mahasiswa di Prodi Kesmas FKM Universitas Tadulako dengan memanfaatkan Aplikasi KoboToolbox.&#13;
&#13;
Kegiatan yang dilaksanakan dalam rangka optimalisasi pengumpulan data penelitian tugas akhir (skripsi) mahasiswa di Prodi Kesmas FKM Universitas Tadulako yaitu membentuk Klub Belajar RETAS SC, membuat panduan penggunaan KoboToolbox, melakukan sosialisasi penggunaan KoboToolbox dalam pembuatan angket/kuesioner digital, dan membuat telaah terkait pentingnya penggunaan KoboToolboxX dalam pengumpulan data penelitian secara digital.&#13;
&#13;
Kata Kunci: Aktualisasi, RETAS, Nilai ASN BerAKHLAK</subfield>
    </datafield>
    <datafield tag="856" ind1="#" ind2="#">
      <subfield code="a">PUSLATBANG KMP LAN RI Makassar</subfield>
    </datafield>
  </record>
</collection>
